00337 a2200133 450000100060000002000150000604000220002110000290004324000480007224500430012030000080016336200090017165000230018056577 a8508100221 cAnchieta - Pituba aScavone, Rubens Teixeira10aHistórias de ficção científicalpor10aHistórias de ficção científica a1600 a2006 4aLiteratura juvenil